| 000 | 00960nam a2200313Ia 4500 | ||
|---|---|---|---|
| 001 | dia_1488 | ||
| 003 | CHAP | ||
| 005 | 20251021160219.0 | ||
| 008 | 220117s1978 xx 000 0 und d | ||
| 010 | _a172029 | ||
| 020 | _a84-291-7340-4 | ||
| 040 | _cCHAP | ||
| 082 | _a541.369 M34 1978 | ||
| 100 |
_aMahan, Bruce H. _969874 |
||
| 245 |
_aTermodinámica química elemental / _c Bruce H. Mahan ; traducción Fidel Mato Vázquez |
||
| 260 |
_aEspaña : _b Reverte, _c1978 |
||
| 300 | _ax, 149 p. | ||
| 500 | _aTítulo original: Elementary Chemical Thermodynamics | ||
| 503 | _aC/e | ||
| 504 | _aIncluye bibliografías | ||
| 590 | _aQD501 M34 1978 | ||
| 650 |
_aChemistry _xThermodynamics _9150854 |
||
| 650 |
_aQuímica _xTermodinámica _9150855 |
||
| 700 |
_aMato Vázquez, Fidel, tr. _9150839 |
||
| 901 | _a541.369 M34 1978 | ||
| 902 | _aM | ||
| 905 | _a5232271978 SP ANMA8222223322SPA26 | ||
| 942 |
_cLIBRO _2ddc |
||
| 999 |
_c172029 _d172029 |
||